El menor ante el delito (Registro nro. 72)
[ vista simple ]
| 000 -Cabecera | |
|---|---|
| Campo de control de longitud fija | 00554aam a2200217 4500 |
| 005 - Fecha y hora de la última transacción | |
| Campo de control | 20260325165736.0 |
| 008 - Elementos de longitud fija--Información general | |
| Campo de control de longitud fija | 150717b1978 xxu||||| |||| 00| 0 spa d |
| 041 ## - Idioma | |
| Código de idioma | |
| 082 ## - Clasificación Decimal Dewey | |
| Número de clasificación | 364.36 D999m |
| 100 ## - Entrada principal--Autor personal | |
| Nombre personal | D'Antonio, Daniel Hugo |
| 9 (RLIN) | 14381 |
| 245 ## - Título propiamente dicho | |
| Título | El menor ante el delito |
| 260 ## - Pie de imprenta | |
| Lugar de publicación, distribución, etc. | Argentina |
| 260 ## - Pie de imprenta | |
| Nombre del editor, distribuidor, etc. | Astrea |
| 260 ## - Pie de imprenta | |
| Fecha de publicación, distribución, etc. | 1978 |
| 300 ## - Descripción física | |
| Extensión | 185 páginas |
| 490 ## - Serie | |
| Título de la Serie | Investigación Criminal |
| 650 ## - Materia general | |
| Temática (materia general) | DELINCUENCIA JUVENIL |
| 650 ## - Materia general | |
| Temática (materia general) | CONDUCTA JUVENIL DESVIADA |
| 650 ## - Materia general | |
| Temática (materia general) | PSICOLOGIA CRIMINAL |
| 942 ## - Punto de acceso adicional KOHA | |
| Tipo de ítem KOHA | Libro |
| Fuente del sistema de clasificación o colocación | Dewey Decimal Classification |
| Signatura completa | Código de barras | Programa Académico | Tipo de ítem |
|---|---|---|---|
| 364.36 D999m | 414 | Investigación Criminal | Libro |